Use of Discounted Cash Flow in real estate investment valuation (Record no. 121392)
[ view plain ]
| 000 -LEADER | |
|---|---|
| fixed length control field | 01294nam a22002417a 4500 |
| 001 - CONTROL NUMBER | |
| control field | 121392 |
| 008 - FIXED-LENGTH DATA ELEMENTS--GENERAL INFORMATION | |
| fixed length control field | 230307s2023 xxk|||||o|||| 00| 0 eng d |
| 041 ## - LANGUAGE CODE | |
| Language code of text/sound track or separate title | eng |
| 110 ## - MAIN ENTRY--CORPORATE NAME | |
| Corporate author | Royal Institution of Chartered Surveyors |
| 245 ## - TITLE STATEMENT | |
| Title | Use of Discounted Cash Flow in real estate investment valuation |
| Subtitle | a consultation |
| Medium | [Electronic resource] |
| 260 ## - PUBLICATION INFORMATION | |
| Place of publication | London, |
| Publisher | Royal Institution of Chartered Surveyors, |
| Date | 1 March 2023 |
| 300 ## - PHYSICAL DESCRIPTION | |
| Physical description | 75p. |
| 490 ## - SERIES TITLE | |
| Series statement | RICS Consultation |
| 520 ## - ABSTRACT | |
| Abstract | To progress the valuation review and implement those recommendations specific to Discounted Cash Flows, RICS have launched a consultation on a series of proposed outputs focused on supporting a better understanding and appropriate application of the DCF model. Consultation open until 12th April 2023. <br/> |
| 650 ## - KEYWORDS | |
| Keywords | DISCOUNTED CASH FLOW |
| 650 ## - KEYWORDS | |
| Keywords | VALUATION |
| 651 ## - SUBJECT ADDED ENTRY--GEOGRAPHIC NAME | |
| Geographic name | United Kingdom |
| 690 ## - BROAD SUBJECT | |
| 9 (RLIN) | 6273 |
| Broad subject | Valuation |
| 710 ## - ADDED CORPORATE NAME | |
| Added corporate author | Royal Institution of Chartered Surveyors |
| 856 ## - ONLINE RESOURCE | |
| Uniform Resource Identifier | <a href="https://consultations.rics.org/gf2.ti/-/1488130/160444165.1/PDF/-/DCF%20valuations%20for%20consultation%20-%20combined%20with%20front%20matter.pdf">https://consultations.rics.org/gf2.ti/-/1488130/160444165.1/PDF/-/DCF%20valuations%20for%20consultation%20-%20combined%20with%20front%20matter.pdf</a> |
| Public note | View the consultation document on RICS.org |
| 856 ## - ONLINE RESOURCE | |
| Uniform Resource Identifier | <a href="https://consultations.rics.org/dcfsinvaluation/">https://consultations.rics.org/dcfsinvaluation/</a> |
| Public note | View the RICS iConsult homepage on DCF |
| 942 ## - ADDED ENTRY ELEMENTS (KOHA) | |
| Suppress in OPAC | Do not suppress in OPAC |
| Lost status | Source of classification or shelving scheme | Damaged status | Not for loan | Current library | Shelving location | Date acquired | Total Checkouts | Full call number | Date last seen | Price effective from | Koha item type |
|---|---|---|---|---|---|---|---|---|---|---|---|
| Dewey Decimal Classification | Virtual | Online | 07/03/2023 | RICS iConsult | 07/03/2023 | 07/03/2023 | Online material |